| 000 | 00955cam a2200265 a 4500 | ||
|---|---|---|---|
| 001 | 35733 | ||
| 005 | 20230410102057.0 | ||
| 008 | 910411s1990 dr c 000 0 spa | ||
| 035 | _9(DLC) 91139923 | ||
| 035 | _a4384629 | ||
| 942 |
_2lcc _cbk |
||
| 010 | _a 91139923 | ||
| 040 |
_aDLC _cDLC |
||
| 043 | _anwdr--- | ||
| 050 | 1 | 4 |
_a118 JL 1138 _bE38 1990 |
| 082 | 0 | 0 |
_a324.97293/054 _220 |
| 245 | 0 | 0 |
_aElecciones '90 : _bdiscursos pronunciados ante la Cámara Americana de Comercio / _cFroilán J.R. Tavares ... [et al.]. |
| 260 |
_aSanto Domingo, República Dominicana : _bAmerican Chamber of Commerce of the Dominican Republic : _bBáez Guerrero & Asociados, _cc1990. |
||
| 300 |
_a137 p. : _bports. ; _c23 cm. |
||
| 650 | 0 |
_aElections _zDominican Republic. |
|
| 650 | 0 |
_aPresidents _zDominican Republic _xElection _y1990. |
|
| 700 | 1 | _aTavares, Froilán J. R. | |
| 710 | 2 | _aAmerican Chamber of Commerce of the Dominican Republic. | |
| 922 | _aap | ||
| 999 |
_c18580 _d18580 |
||